Bev.Sozquiz - Uni HD - Teil 3 - Statistiken

Allgemein
  • Dieses Quiz wurde 7 mal gespielt
  • Das Durchschnittsergebnis liegt bei 11 aus 15
Antwortstatistiken
Frage Antwort % Korrekt
Die Theorie der zentralen Orte von Christaller ist ein Beispiel für welche Raumstrukturordnung? Raum als System von Lagebeziehungen
100%
Was sind "Remittences"? Rückzahlungen in das Heimatland
100%
Wie viele Menschen haben "divers" als Geschlecht in Deutschland im Ausweis stehen? 969
80%
Warum hat die Kirche einen aktiven Einfluss auf die Politik in Deutschland? Durch Kirchenasyl können Abschiebungen aufgeschoben/verhindert werden
80%
Was stammt von Stefan Mau? Grenzen als Sortiermaschinen
80%
Wo tritt der häretische Imperativ auf? Individualisierung der Gesellschaft
80%
Welches Land besitzt aktuell den stärksten Pass (HPI)? Singapur
80%
Welcher Prozess ist eng mit der Globalisierung verbunden? Transnationalität
80%
In welcher Altersspanne wird die TFR berechnet? 15 - 49
60%
Wie viel Prozent der Menschen glauben nicht aktiv (!) in der Kirche? 95%
60%
Was ist Umweltrassismus? Diskriminierung von Menschen im Bezug zur Umwelt
60%
In welchem Land gibt es keine sehr hohe Binnenmigration? Spanien
60%
In welchem Bereich gibt es keine Eliten? Sport
60%
Was ist ein anderes Wort für die Gliederung der Gesellschaft in Milieus? Stratifiation
60%
Welcher Faktor kann wesentlich die TFR beeinflussen? Verfügbarkeit von Verhütungsmitteln
40%
Keine übereinstimmenden Quizze gefunden
Verteilung der Resultate
Anzahl Personen mit jedem Resultat
Perzentil nach korrekt beantworteten Fragen
Ihre Resultats-Entwicklung
Sie haben dieses Quiz noch nicht gespielt